000 00500nam a2200217Ia 4500
003 OSt
005 20221006150158.0
006 a|||||r|||| 00| 0
007 ta
008 221006b |||||||| |||| 00| 0 eng d
024 _a17,429
037 _cTextual
040 _aEASL
_cEASL
_beng
041 _2eng
_aeng
100 _aMAO Tse Tung
245 0 _aFour essays on philosophy
260 _c1966
300 _a135p.
_ccm.
942 _cTEXL
_2CC
999 _c1085515
_d1085515